Statistics for Game of Thrones-Nine Realms of Westeros

Click here to take the quiz!

General Stats

  • This quiz has been taken 1,006 times
  • The average score is 6 of 9

Answer Stats

Answer% Correct
The North
99%
Dorne
84%
Riverlands
74%
Iron Islands
73%
The Vale
70%
The Reach
66%
Stormlands
63%
Westerlands
56%
Crownlands
51%

Score Distribution

Percentile by Number Answered

Percent of People with Each Score

Your Score History

You have not taken this quiz